| 000 | 01065nam a2200121Ia 4500 | ||
|---|---|---|---|
| 008 | 220620s9999||||xx |||||||||||||| ||und|| | ||
| 245 | 0 | _aRecent Advances on Quasi-Metric Spaces | |
| 546 | _aEnglish[eng] | ||
| 650 | _ab-metric||Banach fixed point theorem||Caristi fixed point theorem||homotopy||M-metric||M-Pompeiu–Hausdorff type metric||multivalued mapping||fixed point||quasi metric space||altering distance function||(ψ, ϕ)-quasi contraction.||pata type contraction||Suzuki type contraction||C-condition||orbital admissible mapping||non-Archimedean quasi modular metric space||θ-contraction||Suzuki contraction||simulation contraction||R-function||simulation function||manageable function||contractivity condition||binary relation||quasi-metric space||left K-complete||α–ψ-contractive mapping||asymptotic stability||differential and riemann-liouville fractional differential neutral systems||linear matrix inequality | ||
| 700 | _aFulga, Andreea||Karapinar, Erdal | ||
| 856 | _uhttps://mdpi.com/books/pdfview/book/2347 | ||
| 942 | _cEB | ||
| 999 |
_c32628 _d32628 |
||